| 000 | 01304nam0a2200373 4500 | ||
|---|---|---|---|
| 001 | RU\NLR\bibl\144731 | ||
| 005 | 20260406055210.0 | ||
| 010 |
_a5-8370-0245-6 _bВ пер. _93000 |
||
| 021 |
_aRU _b2000-48664 _92240 |
||
| 035 | _a(NLR Aleph) 000141793 | ||
| 090 |
_a811841 _c811841 |
||
| 100 | _a20010320d2000 |||y0rusy50 ca | ||
| 101 | 0 | _arus | |
| 102 | _aRU | ||
| 105 | _ay z ||||| | ||
| 200 | 1 |
_aВенок на могилу ветра _eРоман _fАлан Черчесов |
|
| 210 |
_aСПб. _cЛимбус-Пресс _d2000 |
||
| 215 |
_a525,[2] с. _d21 |
||
| 225 | 1 | _aСерия "Мастер" | |
| 610 | 0 | _aСемья в Северной Осетии, Республике (х. л.) | |
| 610 | 0 | _aДеревня в Северной Осетии, Республике (х. л.) | |
| 675 |
_a821.161.1-31Черчесов _v3 _zrus |
||
| 686 |
_a17.82 _2rugasnti |
||
| 686 |
_a84(2Рос=Рус)6-44 _2rubbk |
||
| 686 | _aШ6(2=Осет)7-4 | ||
| 700 | 1 |
_4070 _7ca _8rus _aЧерчесов _bА. Г. _f1962- _gАлан Георгиевич _9119427 _3RU\NLR\AUTH\779607 |
|
| 801 | 0 |
_aRU _bRKP _c20010320 _gPSBO |
|
| 801 | 1 |
_aRU _bRKP _c20010320 |
|
| 801 | 2 |
_aRU _bNLR _c20010416 _grcr |
|
| 942 | _cBOOK | ||
| 980 | _aNB | ||